Understanding the new SQL: a complete Guide
Guardado en:
| Autor principal: | |
|---|---|
| Otros Autores: | |
| Formato: | Libro |
| Lenguaje: | inglés |
| Publicado: |
San Francisco
Morgan Kaufmann Publishers
1993
|
| Edición: | 1. ed. |
| Materias: | |
| Etiquetas: |
Sin Etiquetas, Sea el primero en etiquetar este registro!
|
MARC
| LEADER | 00000nam a2200000 4500 | ||
|---|---|---|---|
| 001 | c005960 | ||
| 005 | 20221206075156.6 | ||
| 020 | |a 1-55860-245-3 | ||
| 041 | 0 | |a eng | |
| 044 | |a US | ||
| 245 | 1 | 0 | |a Understanding the new SQL: a complete Guide |c Jim Melton, Alan R. Simon |
| 250 | |a 1. ed. | ||
| 264 | 1 | |a San Francisco |b Morgan Kaufmann Publishers |c 1993 | |
| 300 | |a 536 s. | ||
| 610 | 2 | 0 | |a jazyky programovacie |
| 610 | 2 | 0 | |a terminológia |
| 610 | 2 | 0 | |a programovanie počítačov |
| 610 | 2 | 0 | |a báza dát |
| 610 | 2 | 0 | |a štúdie prípadové |
| 100 | 1 | |a Melton, Jim | |
| 700 | 1 | |a Simon, Alan R. | |